LIBRARY & INFORMATION CENTRE, KCAET, TAVANUR

ONLINE PUBLIC ACCESS CATALOGUE (OPAC)

Charitrathinte Bhoutikavyakhyanam Oru Puthu Veekshanam / (Record no. 4910)

MARC details
000 -LEADER
fixed length control field 00361cam a2200121ua 4500
082 ## - DEWEY DECIMAL CLASSIFICATION NUMBER
Classification number 930
Item number POD/CH
100 ## - MAIN ENTRY--AUTHOR NAME
Personal name Podosetnic, V .
245 ## - TITLE STATEMENT
Title Charitrathinte Bhoutikavyakhyanam Oru Puthu Veekshanam /
260 ## - PUBLICATION, DISTRIBUTION, ETC. (IMPRINT)
Place of publication Kottayam :
Name of publisher Prabhatham Printing and Publishing Co. Pvt. Ltd. ,
Year of publication 1967.
300 ## - PHYSICAL DESCRIPTION
Number of Pages 186 ; .
700 1# - ADDED ENTRY--PERSONAL NAME
Personal name Spirkin, A .
942 ## - ADDED ENTRY ELEMENTS (KOHA)
Koha item type Books
Holdings
Withdrawn status Lost status Damaged status Home library Current library Date acquired Full call number Accession Number Koha item type
Withdrawn     KAUAET Malayalam University 07/04/2012 930 11227 Books
free website counter